Biblioteca ESET

Los sitios de memoria como desafío pedagógico : | una guía educativa. (Registro nro. 974)

Detalles MARC
000 -CABECERA
fixed length control field 01444nam a2200361 4500
003 - CONTROL NUMBER IDENTIFIER
control field AR-BeUNQ
005 - FECHA Y HORA DE LA ULTIMA TRANSACCION
control field 20231004201619.0
008 - ELEMENTOS DE LONGITUD FIJA-INFORMACION GENERAL
fixed length control field 230807b2021 ag o|||g ||||s00| 0 spa d
020 ## - NUMERO INTERNACIONAL NORMALIZADO PARA LIBROS
Número Internacional Normalizado del libro 9789500015486
040 ## - FUENTE DE CATALOGACION
Agencia de catalogación original AR-BeUNQ
Idioma de catalogación ESPAÑOL
Convenciones de la descripción aacr
041 ## - CODIGO DE IDIOMA
Código de idioma original ESPAÑOL
044 ## - COUNTRY OF PUBLISHING/PRODUCING ENTITY CODE
MARC country code ag
082 ## - NUMERO DE CLASIFICACION DECIMAL DEWEYMBER
Número de clasificación 371.1
Número de la edición 21
245 04 - MENCION DE TITULO
Título Los sitios de memoria como desafío pedagógico :
Otra información sobre el título una guía educativa.
250 ## - MENCION DE EDICION
Mención de edición 2a ed.
260 ## - PUBLICACION, DISTRIBUCION, ETC.
Lugar de publicación, distribución, etc. Ciudad Autónoma de Buenos Aires :
Nombre del editor, distribuidor, etc. Ministerio de Educación,
Fecha de publicación, distribución, etc 2021
300 ## - DESCRIPCION FISICA
Extensión 79 p. :
Otros detalles físicos fot. col. :
Dimensiones 20 cm.
500 ## - NOTA GENERAL
Nota general Programa Educación y Memoria.
500 ## - NOTA GENERAL
Nota general Incluye referencias.
504 ## - NOTA DE BIBLIOGRAFIA, ETC.
Nota de bibliografía, etc. Bibliografía: p. 78.
505 0# - NOTA DE CONTENIDO
Nota de contenido con formato preestablecido El Holocausto: una perspectiva para leer el mundo contemporáneo -- La experiencia de la última dictadura en Argentina -- Sitios de memoria: desafíos pedagógicos -- La escuela va a los sitios.
521 ## - NOTA DE AUDIENCIA
Nota de audiencia Para nivel secundario.
530 ## - NOTA DE FORMATO FISICO ADICIONAL DISPONIBLE
Nota de formato físico adicional disponible También disponible en línea.
650 #7 - ASIENTO SECUNDARIO DE MATERIA - TERMINO TEMATICO
Término temático o nombre geográfico como elemento de entrada Terrorismo de estado
Fuente del encabezamiento o términ tha
650 #7 - ASIENTO SECUNDARIO DE MATERIA - TERMINO TEMATICO
Término temático o nombre geográfico como elemento de entrada Derechos Humanos
Fuente del encabezamiento o términ spines
653 ## - TERMINO DE INDIZACION - NO CONTROLADO
Término de indización no controlado Memoria
653 ## - TERMINO DE INDIZACION - NO CONTROLADO
Término de indización no controlado Holocausto
653 ## - TERMINO DE INDIZACION - NO CONTROLADO
Término de indización no controlado Formación docente
710 ## - ASIENTO SECUNDARIO - NOMBRE CORPORATIVO
Nombre corporativo o de jurisdicción como elemento de entradantry element Argentina.
Unidad subordinada Ministerio de Educación.
-- Programa Educación y Memoria.
856 ## - LOCALIZACION Y ACCESO ELECTRONICOS
Identificador Uniforme del Recurso <a href="https://www.educ.ar/recursos/158029/los-sitios-de-memoria-como-desafio-pedagogico-una-guia-educa">https://www.educ.ar/recursos/158029/los-sitios-de-memoria-como-desafio-pedagogico-una-guia-educa</a>
929 ## - DATOS DE ADQUISICION
Procedencia DONACION
Proveedor Ministerio de Educación de la Nación
Precio 300,00
Fecha de recibido 20230629
Patrimonio UNQ PAT0080193
Es copia 1
Número de inventario 61388
942 ## - ELEMENTOS DE PUNTO DE ACCESO ADICIONAL (KOHA)
Tipo de ítem Koha Libros
Suppress in OPAC 0
Existencias
Estado de retiro Estado de pérdida Ubicación permanente Ubicación actual Ubicación en estantería Fecha de ingreso Total Checkouts Signatura topográfica completa Inventario Date last seen Número de copia Tipo de ítem Koha Operador
    Biblioteca ESET - UNQ Biblioteca ESET - UNQ SALA 07/08/2023   371.1 SIT 61388 07/08/2023 1 Libros GS
    Biblioteca ESET - UNQ Biblioteca ESET - UNQ CIRCULACION 13/06/2024   982/MIN 62253 18/06/2024 2 Libros  

ESET UNQ

☏ 4365-7188
 Avenida República de Francia 1714 entre Doctor Kenny y Concordia, Ezpeleta, Bs As.
✉ secretaria_eset@unq.edu.ar

Con tecnología Koha